Word Ladder: Robert Louis Stevenson Quiz Stats

 Plays Quiz Updated Jul 1, 2018

Challenge
Share
Tweet
Embed
Score 0/51 Timer 05:00
2 Plays Today
Clue 4-Letter Word % Correct
Golf pegsTEES
97.2%
Beach materialSAND
95.5%
Jackman or Laurie, e.g.HUGH
95.3%
Cause (a letter) to be deliveredSEND
94.8%
In an elevated position•HIGH•
94.8%
Of sound mindSANE
94.6%
Audible breath expressing sadnessSIGH
94.6%
Come to earth•LAND•
94.2%
'Pretty Woman' actor RichardGERE
94.1%
Nickel or dime, e.g.COIN
93.9%
Give temporary use ofLEND
93.9%
Location of future buildingSITE
93.9%
Trigonometric functionSINE
93.8%
Find a remedy forCURE
93.5%
'Auld ___ Syne'LANG
92.6%
Make (someone) be quiet HUSH
92.5%
Popular cereal crop CORN
92.4%
Golf warningFORE
92%
Isolated from othersLONE
91.9%
Of great distance (or time)•LONG•
91.7%
Darth Maul for instanceSITH
91.5%
Ready moneyCASH
91.3%
Inner partCORE
90.9%
Sound from a dogBARK
90.5%
Window shelf•SILL•
90.3%
Shoot a gunFIRE
90.2%
Clue 4-Letter Word % Correct
Worm-made fiberSILK
90.2%
Microorganism causing diseaseGERM
89.7%
Use all the empty spaceFILL
89.7%
Strike with a whipLASH
89.6%
Not clothed or coveredBARE
89.3%
Opulent or luxuriantLUSH
88.8%
One of the four gospelsMARK
88.5%
French for 'Very'•TRÈS•
88.3%
Limited period of timeTERM
87.8%
Be silent and ill-temperedSULK
87.3%
Swarm withTEEM
87.2%
Watchful or protective attentionCARE
87.1%
Rasp for smoothingFILE
86.8%
Fasten things togetherJOIN
84.5%
Slang term for a bathroom•JOHN•
84.2%
Receptacle for clothingCASE
83.4%
Use a strawSUCK
83.1%
Positive about•SURE•
80.6%
Sticky, filthy mixtureMUCK
79.2%
Darkness or thick mistMURK
77.7%
Dried-upSERE
77.3%
Receptor cell in the retinaCONE
72.2%
'Walking in Memphis' singer MarcCOHN
63.4%
British author IgguldenCONN
59.2%
Rod or wand of authority•VARE•
37.7%

Today's Daily Dose

You're not logged in!

Compare scores with friends on all Sporcle quizzes.
Join for Free
OR
Log In

You Might Also Like...

Show Comments

Extras

Top Quizzes Today


Score Distribution

Your Account Isn't Verified!

In order to create a playlist on Sporcle, you need to verify the email address you used during registration. Go to your Sporcle Settings to finish the process.

Report this User

Report this user for behavior that violates our Community Guidelines.

Details: